000 01172nam a22003017a 4500
003 EG-GICUC
005 20260121101537.0
008 251224s1999 ua |||fr|||| 000 0 ara d
040 _a EG-GICUC
_bara
_c EG-GICUC
_d EG-GICUC
_erda
041 0 _aara
082 0 4 _221
_a345
_bم ح . م
092 0 4 _221
099 _aLaw1 07 345 م ح . م 1999
100 1 _aمحمد عبد الحميد أبو زيد
_eمؤلف.
245 1 2 _aالمرجع في القانون الإداري /
_cمحمد عبد الحميد أبو زيد.
264 1 _aالقاهرة :
_cدار النهضة العربية،
_b1999.
300 _aصفحة 848 ;
_c24 سم.
_bإيضاحيات، صور، مثيليات ؛
336 _2rda content
_atext
337 _2rda media
_aComputer
338 _2rda carrier
_aOnline Resource
504 _aيحتوي على ارجاعات ببليوجرافية
546 _aالنص أغلبه باللغة العربية مع بعض النصوص الفرنسية
650 1 4 _aالقانون الإداري
_2qrmak
651 1 _2qrmak
856 4 0 _uhttps://fll.law.cu.edu.eg/fulltext/bks/B07-00400.pdf
905 _a75
942 _2ddc
_cBK
_e21
_n0
999 _c52463
_d52463